U.S. States Whose Capital is the Largest City - Statistics

General Stats
  • This quiz has been taken 18,450 times
  • The average score is 8 of 17
Answer Stats
Capial U.S. State % Correct
Phoenix Arizona
69%
Atlanta Georgia
63%
Boston Massachusetts
61%
Denver Colorado
58%
Honolulu Hawaii
54%
Oklahoma City Oklahoma
53%
Indianapolis Indiana
50%
Boise Idaho
49%
Salt Lake City Utah
48%
Little Rock Arkansas
43%
Nashville Tennessee
42%
Cheyenne Wyoming
42%
Providence Rhode Island
40%
Columbus Ohio
38%
Des Moines Iowa
37%
Jackson Mississippi
33%
Charleston West Virginia
26%
No matching quizzes found
Score Distribution
Percent of People with Each Score
Percentile by Number Answered
Your Score History
You have not taken this quiz